LEADER 02368cas--2200505---450- 001 990001025310203316 005 20130108112625.0 011 $a0261-3794 035 $a0102531 035 $aUSA010102531 035 $a(ALEPH)000102531USA01 035 $a0102531 100 $a20020311d--------km-y0itay0103----ba 101 $aeng 102 $aGB 110 $aaha-------- 200 1 $aElectoral studies$ean international journal 210 $aOxford$cButterworth-Heinemann 215 $avolumi$d25 cm 312 $aTit. della cop. - Comincia nel 1982. - Descrizione basata su: Volume 12, n.1 (March 1993) 326 $aTrimestrale 606 0 $aElezioni$xStudi$xPeriodici 676 $a324.05 801 0$aIT$bsalbc$gISBD 856 4 $uhttp://www.sciencedirect.com/science/journal/02613794$4.$zOnline da workstation autorizzate 912 $a990001025310203316 958 $aUMA$bFondo$cVol.12(1993)-Vo. 26(2007); Vol.30(2011)-Vol.31(2012); 959 $aSE 969 $aUMA 979 $aPATTY$b90$c20020311$lUSA01$h1307 979 $aPATTY$b90$c20020313$lUSA01$h1149 979 $c20020403$lUSA01$h1743 979 $aPATRY$b90$c20040406$lUSA01$h1711 979 $aVITTORIANA$b90$c20080529$lUSA01$h1118 979 $aVITTORIANA$b90$c20120112$lUSA01$h1354 979 $aVITTORIANA$b90$c20130108$lUSA01$h1125 979 $aVITTORIANA$b90$c20130108$lUSA01$h1126 979 $aVITTORIANA$b90$c20130108$lUSA01$h1126 996 $aElectoral studies$9977359 997 $aUNISA Z30 2$lUSA50$LAdministrative$mISSBD$1UMA$AUMA$3Fondo$6162253$5B1925$820030212$a2002$b21$c1$f09$FNON Prestabile$hVol.21, n. 1-4 (2002)$i20020318$j20020417$k20020530 Z30 2$lUSA50$LAdministrative$mISSBD$1UMA$AUMA$3Fondo$6166684$5B39296$820040311$a2003$b22$c1$f09$FNON Prestabile$hVol.22, n. 1-4 (2003) Cel$i20030318$j20030417$k20030212 Z30 2$lUSA50$LAdministrative$mISSUE$1UMA$AUMA$3Fondo$6157153/01$5133940-10$820020530$a2001$b20$c4$f09$FNON Prestabile$hVol.20, n. 1-4 (2001)$i20011218$j20020117$k20020530 Z30 2$lUSA50$LAdministrative$mISSUE$1UMA$AUMA$3Per III 16$5133940-110$820040311$a2004$b23$c1$f09$FNON Prestabile$hVol.23, n. 1 (2004) Sw$i20040318$j20040325$k20040311 Z30 2$lUSA50$LAdministrative$mISSUE$1UMA$AUMA$3Per III 16$5133940-120$820040311$a2004$b23$c2$f09$FNON Prestabile$hVol.23, n. 2 (2004)$i20040618$j20040625